Vplyv rastu minimálnej mzdy na vývoj nezamestnanosti v Slovenskej republike
Verifikácia závislosti medzi medziročnou zmenou výšky minimálnej mzdy a zmenou evidovanej nezamestnanosti v podmienkach Slovenskej republiky.
Saved in:
| Main Author: | |
|---|---|
| Other Authors: | |
| Format: | Book Chapter |
| Language: | Slovak |
| Subjects: | |
| Tags: |
No Tags, Be the first to tag this record!
|
MARC
| LEADER | 00000naa a2200000 4500 | ||
|---|---|---|---|
| 001 | 0201913 | ||
| 005 | 20220905065626.6 | ||
| 041 | 0 | |a slo | |
| 044 | |a SK | ||
| 245 | 1 | 0 | |a Vplyv rastu minimálnej mzdy na vývoj nezamestnanosti v Slovenskej republike |c Viera Marková, Peter Hronček |
| 520 | |a Verifikácia závislosti medzi medziročnou zmenou výšky minimálnej mzdy a zmenou evidovanej nezamestnanosti v podmienkach Slovenskej republiky. | ||
| 610 | 2 | 0 | |a mzdy minimálne |
| 610 | 2 | 0 | |a trh práce |
| 610 | 2 | 0 | |a zamestnanosť |
| 610 | 2 | 0 | |a miera nezamestnanosti |
| 610 | 2 | 0 | |a produkt domáci hrubý |
| 610 | 2 | 0 | |a analýza regresná |
| 100 | 1 | |a Marková, Viera | |
| 700 | 1 | |a Hronček, Peter | |